• 首页
  • 本馆介绍
  • 公告通知
  • 最新文献
  • 馆藏检索
  • 电子资源
  • 读者导购
  • 参考咨询
  • 我的图书馆
  • 登录
  • 详细信息显示
  • 放入我的书架
  • 预约/预借图书
  • 作者相关作品
  • 分类相关作品
  • 丛书相关作品
  • 出版社相关作品

书目信息

  • 表格格式
  • 工作单格式
  • 卡片格式
题名:
汉上易传
    
 
作者: 朱震 撰 ;种方 校点
分册: 下  
出版信息: 北京   中华书局  2020
页数: 2册(742页)
开本: 21cm
丛书名: 易学典籍选刊
单 册:
中图分类: B221.5
科图分类:
主题词: 先秦哲学--xian qin zhe xue
电子资源:
ISBN: 978-7-101-14680-6
000 00989oam2 2200277 450
001 2131058394
005 20211031084535.74
010    @a978-7-101-14680-6@dCNY39.00(全2册78.00)
100    @a20201211d2020 em y0chiy0120 ea
101 0  @achi
102    @aCN@b110000
105    @ay z 000yy
106    @ar
200 1  @a汉上易传@Ahan shang yi chuan@h下@f(宋)朱震撰@g种方校点
210    @a北京@c中华书局@d2020
215    @a2册(742页)@d21cm
225 2  @a易学典籍选刊@Ayi xue dian ji xuan kan
330    @a本书又名周易集传,以《四部丛刊续编》影印宋刊本为底本,其中卷一、卷二及卷五若干页原阙,选中国国家图书馆藏汲古阁影宋抄本配补,并以汲古阁本、《通志堂经解》本和文渊阁《四库全书》本为对校本。
461  0 @12001 @a易学典籍选刊
605    @a《周易》@Azhou yi@x研究
606 0  @a先秦哲学@Axian qin zhe xue
690    @aB221.5@v5
701  0 @c(宋)@a朱震@Azhu zhen@4撰
702  0 @a种方@Azhong fang@4校点
801  0 @aCN@b百万庄@c20211029
905    @b1313571-74@dB221.5@e1023:2@f4
    
    汉上易传.下/(宋)朱震撰/种方校点.-北京:中华书局,2020
    2册(742页);21cm.-(易学典籍选刊)
    
    
    ISBN 978-7-101-14680-6:CNY39.00(全2册78.00)
    本书又名周易集传,以《四部丛刊续编》影印宋刊本为底本,其中卷一、卷二及卷五若干页原阙,选中国国家图书馆藏汲古阁影宋抄本配补,并以汲古阁本、《通志堂经解》本和文渊阁《四库全书》本为对校本。
●
相关链接 在E读中查询图书 在五车中查询图书 在当当中查询图书 在豆瓣中查询图书


正题名:汉上易传     索取号:B221.5/1023:2         预约/预借

序号 登录号 条形码 馆藏地/架位号 状态 备注
1 1313571   213135711   第一样本阅览室/ [索取号:B221.5/1023:2] 在馆    
2 1313572   213135720   第一借阅区/ [索取号:B221.5/1023:2] 在馆    
3 1313573   213135739   第一借阅区/ [索取号:B221.5/1023:2] 在馆    
4 1313574   213135748   第一借阅区/ [索取号:B221.5/1023:2] 在馆    
唐山师范学院图书馆 欢迎您!
大连网信软件有限公司© 版权所有